| 000 | 01109nas a2200373 4500 | ||
|---|---|---|---|
| 001 | BR2012007358 | ||
| 003 | BR-BrBNA | ||
| 005 | 20231205121314.0 | ||
| 007 | ta | ||
| 008 | 230509b bl.|||p| |||| 00| 00por d | ||
| 040 |
_aBR-BrBNA _bpor _cBiblioteca Nacional de Agricultura |
||
| 041 | _a(Pt) | ||
| 072 | _aF02 | ||
| 100 | 1 | _aPasa, M. da S. | |
| 100 | 1 | _aCarvalho, G.L. | |
| 100 | 1 | _aSchuch, M.W. | |
| 100 | 1 | _aSchimitz, J.D. | |
| 100 | 1 | _aTorchelsen, M. de M. | |
| 100 | 1 | _aNickel, G.K. | |
| 100 | 1 | _aSommer, L.R. | |
| 100 | 1 | _aLima, T.S. | |
| 100 | 1 | _aCamargo, S.S. | |
| 245 | 1 | _aQualidade de luz e fitorreguladores na multiplicação e enraizamento in vitro da amoreira-preta 'Xavante' | |
| 650 | _aAMORA PRETA | ||
| 650 | _aLUZ | ||
| 650 | _aQUALIDADE DE ESTACA | ||
| 650 | _aENRAIZAMENTO | ||
| 650 | _aCULTURA IN VITRO | ||
| 650 | _aREGULADOR DE CRESCIMENTO | ||
| 650 | _aPROPAGAÇÃO VEGETATIVA | ||
| 773 | 0 |
_tCiência Rural (Brazil) _xISSN 0103-8478 _g(Aug 2012), v. 42(8) p. 1392-1396 _wBR2012007358 |
|
| 909 |
_a202311 _bLúcia _c55 _dLúcia Elande |
||
| 942 |
_2AGRIS _n0 _cANA |
||
| 999 |
_c222851 _d222851 |
||